Les tapisseries (Record no. 7522)

MARC details
000 -CABECERA
campo de control de longitud fija 00697nam a2200241 a 4500
001 - NÚMERO DE CONTROL
campo de control BRCA_7848
005 - FECHA Y HORA DE LA ÚLTIMA TRANSACCIÓN
campo de control 20190320210025.0
008 - DATOS DE LONGITUD FIJA--INFORMACIÓN GENERAL
campo de control de longitud fija 071113s1876----fr-a######---#000-0#fre-#
041 ## - CÓDIGO DE LENGUA
Código de lengua del texto/banda sonora o título independiente fre
044 ## - CÓDIGO DEL PAÍS DE LA ENTIDAD EDITORA/PRODUCTORA
Código MARC del país fr
050 #4 - SIGNATURA TOPOGRÁFICA DE LA BIBLIOTECA DEL CONGRESO
Número de clasificación NK3000
Número de documento/Ítem .C37 1876
100 1# - ENTRADA PRINCIPAL--NOMBRE DE PERSONA
Nombre de persona Castel, Albert
9 (RLIN) 19427
245 10 - MENCIÓN DE TÍTULO
Título Les tapisseries
Mención de responsabilidad, etc. par Albert Castel ; ouvrage illustre de 22 vignettes sur bois par P. Sellier.
260 ## - PUBLICACIÓN, DISTRIBUCIÓN, ETC.
Lugar de publicación, distribución, etc. París
Nombre del editor, distribuidor, etc. Hachette
Fecha de publicación, distribución, etc. 1876
300 ## - DESCRIPCIÓN FÍSICA
Extensión 316 p.
Otras características físicas il., 22 grabados
Dimensiones 18 cm.
440 #0 - MENCIÓN DE SERIE/PUNTO DE ACCESO ADICIONAL--TÍTULO
Título Bibliotheque des Merveilles
9 (RLIN) 19396
500 ## - NOTA GENERAL
Nota general Y70
650 14 - PUNTO DE ACCESO ADICIONAL DE MATERIA--TÉRMINO DE MATERIA
Término de materia o nombre geográfico como elemento de entrada Tapices
Subdivisión general Historia
9 (RLIN) 5686
650 14 - PUNTO DE ACCESO ADICIONAL DE MATERIA--TÉRMINO DE MATERIA
Término de materia o nombre geográfico como elemento de entrada Tapices franceses
9 (RLIN) 19428
700 1# - PUNTO DE ACCESO ADICIONAL--NOMBRE DE PERSONA
Nombre de persona Sellier, P.
9 (RLIN) 19399
902 ## - CATALOGADOR
Iniciales GFM
942 ## - ELEMENTOS DE PUNTO DE ACCESO ADICIONAL (KOHA)
Fuente del sistema de clasificación o colocación Library of Congress Classification
Tipo de ítem Koha Libros
Holdings
Estado de retiro Estado de pérdida Estado dañado No para préstamo Localización permanente Ubicación/localización actual Fecha de adquisición Número de inventario Total de préstamos Signatura topográfica completa Código de barras Fecha visto por última vez Precio válido a partir de Tipo de ítem Koha
El ejemplar forma parte de la colección y puede ser consultado según las políticas vigentes.       Biblioteca del Museo Franz Mayer (Rogerio Casas-Alatriste) Biblioteca del Museo Franz Mayer (Rogerio Casas-Alatriste) 07/11/2013 Y70   NK3000 .C37 1876 (Y70) 8459 22/03/2019 22/03/2019 Libros